|
|
|
|
| LEADER |
01000nam a22002291 4500 |
| 001 |
c000068982 |
| 003 |
CARM |
| 005 |
00000000000000.0 |
| 008 |
870210s1966 enk 0 eng d |
| 019 |
1 |
|
|a 663053
|z 5228259
|5 LACONCORD2021
|
| 035 |
|
|
|a (OCoLC)2188267
|5 LACONCORD2021
|
| 100 |
1 |
|
|a Cochrane, Thomas.
|
| 245 |
1 |
0 |
|a Notes from Doctor Black's lectures on chemistry, 1767/8 /
|c by T.Cochrane; ed. with an intro. by D.McKie. Foreword by Lord Todd of Trumpington.
|
| 260 |
|
|
|a Cheshire, Eng. :
|b Imperial Chemical Industries Ltd.,
|c 1966.
|
| 500 |
|
|
|a Notes taken by Thomas Cochrane, a student of Dr. Joseph Black, in 1767/8.
|
| 650 |
|
0 |
|a Chemistry
|x Early works to 1800.
|
| 700 |
1 |
|
|a Black, Joseph,
|d 1728-1799.
|
| 700 |
1 |
|
|a McKie, Douglas.
|
| 852 |
8 |
|
|b CARM
|h A2:AB11D5
|i D00322
|p 0034514
|f BK
|
| 082 |
0 |
4 |
|a 540
|
| 999 |
f |
f |
|i 7f7922d4-5a3a-5a7d-8933-fa4858838306
|s ce1545c8-2ad8-585e-9523-380480721ac8
|
| 952 |
f |
f |
|p Can circulate
|a CAVAL
|b CAVAL
|c CAVAL
|d CARM 1 Store
|e D00322
|f A2:AB11D5
|h Other scheme
|i book
|m 0034514
|